| 000 | 00493nam a2200205Ia 4500 | ||
|---|---|---|---|
| 008 | 210210b1913 xxu||||| |||| 00| 0 eng d | ||
| 041 | _aeng | ||
| 082 | _a455/27 | ||
| 100 | _aCALDWELL (R) | ||
| 245 | _aComparative grammar of dravidian language | ||
| 260 |
_aLondon _bKegan Paul trench & Co _c1913 |
||
| 300 | _a1913 | ||
| 650 | _aof | ||
| 650 | _alanguage | ||
| 650 | _agrammar | ||
| 650 | _adravidian | ||
| 650 | _aComparative | ||
| 690 | _aDravidian Language | ||
| 906 | _a006792 | ||
| 999 |
_c140872 _d140872 |
||